Trends in Applications of Mathematics to Mechanics

Gespeichert in:
Bibliographische Detailangaben
Format: Buch
Veröffentlicht: Berlin : Springer Verlag, 1988
Tags: Tag hinzufügen
Keine Tags, Fügen Sie das erste Tag hinzu!

MARC

LEADER 00000nam a22000003a 4500
001 stu48616
005 20150408180106.2
008 ------s1988----gw----------------------d
040 |a STU  |b slo 
041 0
044 |a gw 
080 |a 51-72  |7 stu_us_auth*stu7253 
245 |a Trends in Applications of Mathematics to Mechanics 
260 |a Berlin :  |b Springer Verlag,  |c 1988 
300 |a 361 s 
996 |b J83862  |c J*83862/K 10  |l JJK10  |s P  |a 0  |w stu48616_0001